Statistics for Top 20 Most Loved Countries

Click here to take the quiz!

General Stats

  • This quiz has been taken 39 times
  • The average score is 19 of 20

Answer Stats

ContinentCountry% Correct
OceaniaAustralia
100%
North AmericaCanada
100%
AsiaJapan
100%
OceaniaNew Zealand
100%
EuropeNorway
100%
EuropeSpain
100%
EuropeSweden
100%
EuropeUnited Kingdom
100%
EuropeAustria
97%
EuropeFrance
97%
EuropeGermany
97%
EuropeItaly
97%
EuropeNetherlands
97%
EuropeBelgium
94%
EuropeDenmark
94%
EuropeFinland
94%
EuropePortugal
94%
EuropeSwitzerland
94%
EuropeIreland
91%
AsiaSingapore
82%

Score Distribution

Percentile by Number Answered

Percent of People with Each Score

Your Score History

You have not taken this quiz